| 000 | 01004pam a2200301 a 4500 | ||
|---|---|---|---|
| 001 | 2962035 | ||
| 005 | 20230414124421.0 | ||
| 008 | 911101s1992 paua bf 001 0 eng c | ||
| 010 | _a 91042187 | ||
| 020 | _a0812115562 | ||
| 040 |
_aDNLM/DLC _cDLC _dDLC |
||
| 050 | 0 | 0 |
_aRM216 _b.E64 1992 |
| 060 | _aWB 39 E74n | ||
| 082 | 0 | 0 |
_a615.854 _220 _bSTS |
| 100 | 2 |
_aEscott-Stump, Sylvia. _9111913 |
|
| 245 | 1 | 0 |
_aNutrition and diagnosis-related care / _cSylvia Escott-Stump. |
| 250 | _a3rd ed. | ||
| 260 |
_aPhiladelphia : _bLea & Febiger, _c1992. |
||
| 300 |
_axxi, 660 p. : _bill. ; _c23 cm. |
||
| 504 | _aIncludes bibliographical references (p. 601-651) and index. | ||
| 650 | 0 |
_aDiet therapy _xHandbooks, manuals, etc. _9111914 |
|
| 650 | 0 |
_aNutrition _xHandbooks, manuals, etc. _9111915 |
|
| 650 | 2 |
_aDiet Therapy _xhandbooks. _9111916 |
|
| 650 | 2 |
_aNutrition _xhandbooks. _9111917 |
|
| 906 |
_a7 _bcbc _corignew _d1 _eocip _f19 _gy-gencatlg |
||
| 942 |
_2ddc _cBK |
||
| 999 |
_c594512 _d594512 |
||